Boundary elements : Theory and appilcations

Bewaard in:
Bibliografische gegevens
Hoofdauteur: Katsikadelis, J. T.
Formaat: Boek
Taal:Undetermined
Gepubliceerd in: Oxford, UK Elsevier Science 2002
Onderwerpen:
Tags: Voeg label toe
Geen labels, Wees de eerste die dit record labelt!
Thư viện lưu trữ: Trung tâm Học liệu Trường Đại học Cần Thơ
LEADER 00577nam a2200205Ia 4500
001 CTU_212938
008 210402s9999 xx 000 0 und d
082 |a 620.00151535 
082 |b K19 
100 |a Katsikadelis, J. T. 
245 0 |a Boundary elements : 
245 0 |b Theory and appilcations 
245 0 |c J. T. Katsikadelis 
260 |a Oxford, UK 
260 |b Elsevier Science 
260 |c 2002 
650 |a Boundary element methods. 
904 |i Tuyến 
910 |a Sách kèm đĩa AV.005075 
980 |a Trung tâm Học liệu Trường Đại học Cần Thơ